[Event "European Blitz 2022"]
[Site "Katowice POL"]
[Date "2022.12.16"]
[Round "6.16"]
[White "Kulon, Klaudia"]
[Black "Dvirnyy, Danyyil"]
[Result "1-0"]
[WhiteTitle "IM"]
[BlackTitle "GM"]
[WhiteElo "2274"]
[BlackElo "2530"]
[WhiteFideId "1131044"]
[BlackFideId "817570"]
[EventDate "2022.12.16"]

1. c4 e5 2. g3 c6 3. Bg2 d5 4. cxd5 cxd5 5. e3 Nc6 6. Ne2 Nf6 7. O-O h5 8. d4 e4
9. Nbc3 h4 10. f3 hxg3 11. hxg3 exf3 12. Rxf3 Bg4 13. Rxf6 Qxf6 14. Nxd5 Qd8 15.
Qf1 Bd6 16. Nef4 Rc8 17. Bd2 O-O 18. Bc3 Ne7 19. Nxe7+ Qxe7 20. e4 Qg5 21. e5
Bc7 22. Nd5 Be6 23. Qf4 Bd8 24. Qxg5 Bxg5 25. Nf4 Bxf4 26. gxf4 Rfd8 27. Bxb7
Rb8 28. Bf3 Bd5 29. Kf2 Rb6 30. Bxd5 Rxd5 31. Ke3 f5 32. Rg1 Kf7 33. Rg5 g6 34.
Rg1 Ke6 35. Rh1 Rd7 36. Rh8 Kd5 37. Kd3 Rc6 38. Rg8 Rb6 39. a3 a6 40. Rc8 Rc6
41. Rb8 Ke6 42. Bb4 Rh7 43. Bc5 Rh1 44. b4 Rd1+ 45. Ke2 Ra1 46. Rd8 Rc7 47. d5+
Kf7 48. e6+ Kf6 49. Bd4+ 1-0

[Event "European Blitz 2022"]
[Site "Katowice POL"]
[Date "2022.12.16"]
[Round "6.17"]
[White "Tazbir, Marcin"]
[Black "Marn, Jan"]
[Result "1-0"]
[WhiteTitle "GM"]
[BlackTitle "FM"]
[WhiteElo "2508"]
[BlackElo "2332"]
[WhiteFideId "1122452"]
[BlackFideId "14619245"]
[EventDate "2022.12.16"]

1. c4 e6 2. g3 d5 3. Bg2 Nf6 4. Nf3 dxc4 5. Qa4+ Nbd7 6. Qxc4 a6 7. Qc2 c5 8. a4
b6 9. O-O Bb7 10. d3 Be7 11. e4 O-O 12. Nc3 Qc7 13. Re1 Rac8 14. Qe2 c4 15. d4
e5 16. d5 Ne8 17. Be3 Nd6 18. Nd2 b5 19. axb5 axb5 20. b4 Ra8 21. Bh3 Rxa1 22.
Rxa1 Ra8 23. Rxa8+ Bxa8 24. Qd1 f5 25. exf5 Nf6 26. Nf3 Nf7 27. Nxb5 Qb7 28. d6
Bd8 29. Nc7 Qxf3 30. Qxf3 Bxf3 31. Ne6 c3 32. Bf1 Bg4 33. Bc4 Kh8 34. b5 Bxf5
35. b6 Bxb6 36. Bxb6 Nxd6 37. Bb3 c2 38. Be3 Ng4 39. Bc1 Nb5 40. Ng5 Nd4 41. Bc4
Be6 42. Nxe6 Nf3+ 43. Kf1 Ngxh2+ 44. Ke2 Nd4+ 45. Nxd4 exd4 46. Kd3 Ng4 47. f4
Nf6 48. Kxd4 Nh5 49. g4 Nf6 50. g5 Nh5 51. Bd3 h6 52. Bxc2 hxg5 53. fxg5 Ng3 54.
Ke5 Nh5 55. Bg6 Ng3 56. Bd2 Ne2 57. Ke4 Ng3+ 58. Kf3 Nf1 59. Bf4 1-0

[Event "European Blitz 2022"]
[Site "Katowice POL"]
[Date "2022.12.16"]
[Round "6.18"]
[White "Kruckenhauser, Arthur"]
[Black "Fridman, Daniel"]
[Result "0-1"]
[WhiteTitle "FM"]
[BlackTitle "GM"]
[WhiteElo "2339"]
[BlackElo "2602"]
[WhiteFideId "1642812"]
[BlackFideId "11600454"]
[EventDate "2022.12.16"]

1. e4 c6 2. Nf3 d5 3. Nc3 Bg4 4. h3 Bh5 5. g4 Bg6 6. exd5 cxd5 7. Ne5 Nc6 8. d4
e6 9. h4 f6 10. Nxc6 bxc6 11. h5 Bf7 12. a3 Bd6 13. Bd3 Qc7 14. Qe2 Ne7 15. Bd2
h6 16. Na4 O-O 17. Rf1 e5 18. dxe5 fxe5 19. f3 c5 20. c4 e4 21. fxe4 d4 22. e5
Bxe5 23. Qe4 g6 24. Bxh6 Bg3+ 25. Kd2 Qa5+ 26. b4 Qxa4 27. Qxe7 Qb3 28. Rac1
Rae8 29. Qf6 Be5 30. Qg5 Qb2+ 31. Rc2 Qxa3 32. Rxf7 Qxb4+ 33. Kd1 Qb1+ 34. Kd2
Bf4+ 0-1

[Event "European Blitz 2022"]
[Site "Katowice POL"]
[Date "2022.12.16"]
[Round "6.19"]
[White "Dragnev, Valentin"]
[Black "Luczak, Filip"]
[Result "1-0"]
[WhiteTitle "GM"]
[BlackTitle "FM"]
[WhiteElo "2556"]
[BlackElo "2326"]
[WhiteFideId "1634852"]
[BlackFideId "1193686"]
[EventDate "2022.12.16"]

1. e4 e6 2. d4 d5 3. e5 c5 4. c3 Nc6 5. Nf3 Nge7 6. Na3 Nf5 7. Nc2 Be7 8. Bd3 c4
9. Be2 g5 10. g4 Nh6 11. Rg1 f6 12. exf6 Bxf6 13. Be3 Nf7 14. Qd2 h6 15. h3 Bd7
16. Nh2 Nd6 17. f3 Qa5 18. Nf1 O-O-O 19. Ng3 Rhe8 20. Kf2 Rf8 21. Kg2 Qc7 22. b3
Be8 23. Na3 cxb3 24. axb3 a6 25. b4 e5 26. b5 axb5 27. Nxb5 Nxb5 28. Bxb5 Bg6
29. Bd3 Bxd3 30. Qxd3 exd4 31. cxd4 Kd7 32. Rge1 Rde8 33. Qf5+ Kd6 34. Bc1 b5
35. Rxe8 Rxe8 36. Qxf6+ Re6 37. Qf8+ Qe7 38. Nf5+ 1-0

[Event "European Blitz 2022"]
[Site "Katowice POL"]
[Date "2022.12.16"]
[Round "6.20"]
[White "Berend, Elvira"]
[Black "Kazakouski, Valery"]
[Result "0-1"]
[WhiteTitle "WGM"]
[BlackTitle "GM"]
[WhiteElo "2318"]
[BlackElo "2539"]
[WhiteFideId "4000510"]
[BlackFideId "13507443"]
[EventDate "2022.12.16"]

1. e4 e5 2. Nf3 Nc6 3. Bc4 Nf6 4. d4 exd4 5. O-O Nxe4 6. Re1 d5 7. Bxd5 Qxd5 8.
Nc3 Qa5 9. Nxe4 Be6 10. Neg5 O-O-O 11. Nxe6 fxe6 12. Rxe6 h6 13. Bd2 Qf5 14. Qe2
g5 15. h3 Bg7 16. c3 d3 17. Qe3 Rhf8 18. Rxc6 bxc6 19. Qxa7 Qb5 20. b4 Rde8 21.
a4 Qb6 22. Qxb6 cxb6 23. a5 Kb7 24. axb6 Ra8 25. Rd1 Rfd8 26. c4 Kxb6 27. Be3+
Kb7 28. b5 cxb5 29. cxb5 Ra1 30. Rxa1 Bxa1 31. g4 Bc3 32. Bd2 Bxd2 33. Nxd2 Rc8 0-1

[Event "European Blitz 2022"]
[Site "Katowice POL"]
[Date "2022.12.16"]
[Round "6.21"]
[White "Klekowski, Maciej"]
[Black "Martinez Pla, Xavier"]
[Result "1-0"]
[WhiteTitle "GM"]
[BlackTitle "FM"]
[WhiteElo "2477"]
[BlackElo "2277"]
[WhiteFideId "1132717"]
[BlackFideId "32074271"]
[EventDate "2022.12.16"]

1. c4 c5 2. Nc3 Nf6 3. g3 e6 4. Nf3 a6 5. Bg2 Be7 6. O-O O-O 7. d4 cxd4 8. Nxd4
Qc7 9. Be3 Nc6 10. Rc1 Nxd4 11. Qxd4 d6 12. Rfd1 Bd7 13. b3 Rac8 14. a4 Rfd8 15.
Qa7 Bc6 16. Bb6 Qd7 17. Bxd8 Bxd8 18. e4 Qe7 19. b4 Be8 20. Qd4 Bc7 21. a5 Nd7
22. Na4 Ne5 23. Nb6 Rd8 24. Qb2 h5 25. b5 h4 26. f4 Ng4 27. Qe2 Nf6 28. bxa6
bxa6 29. c5 dxc5 30. e5 Nd5 31. Bxd5 exd5 32. Nxd5 Rxd5 33. Rxd5 Bxa5 34. Qxa6
Bc7 35. Rdxc5 Bd8 36. Qd6 Qxd6 37. exd6 Bb6 38. Kg2 Bxc5 39. Rxc5 1-0

[Event "European Blitz 2022"]
[Site "Katowice POL"]
[Date "2022.12.16"]
[Round "6.22"]
[White "Ternault, Mathieu"]
[Black "Schneider, Ilja"]
[Result "1/2-1/2"]
[WhiteTitle "FM"]
[BlackTitle "IM"]
[WhiteElo "2351"]
[BlackElo "2483"]
[WhiteFideId "20641532"]
[BlackFideId "4663306"]
[EventDate "2022.12.16"]

1. d4 d5 2. Nf3 Nf6 3. Bf4 c5 4. e3 cxd4 5. exd4 Nc6 6. c3 g6 7. Nbd2 Bg7 8. Be2
O-O 9. Ne5 Bf5 10. g4 Be6 11. h4 Ne4 12. f3 Nxe5 13. fxe4 Nc6 14. h5 dxe4 15.
Nxe4 Bd5 16. Bf3 e5 17. dxe5 Nxe5 18. Bxe5 Bxe4 19. Qxd8 Raxd8 20. Bxe4 Rfe8 21.
Rd1 Rxd1+ 22. Kxd1 Rxe5 23. Bd3 Rg5 24. hxg6 hxg6 25. Be2 Rd5+ 26. Kc2 Re5 27.
Bd3 Re3 28. Rg1 Be5 29. Rg2 Kg7 30. a4 f6 31. Bc4 Rh3 32. Kb3 Kf8 33. Rd2 Ke7
34. Bb5 a6 35. Bd3 Rh6 36. Re2 Ke6 37. Bc4+ Kd6 38. Rd2+ Kc7 39. Be6 Rh7 40. a5
Re7 41. Bd5 Bd6 42. Kc2 Re5 43. b4 Rg5 44. Be6 Re5 45. Bd5 Re3 46. Rd3 Re2+ 47.
Kb3 Be5 48. Rh3 Bd6 49. Rh7+ Re7 50. Rxe7+ Bxe7 51. Be4 g5 52. Kc4 Bd6 53. Kd5
Be5 54. Kc4 Bf4 55. Kd4 Bg3 56. Kc4 1/2-1/2

[Event "European Blitz 2022"]
[Site "Katowice POL"]
[Date "2022.12.16"]
[Round "6.23"]
[White "Alonso Rosell, Alvar"]
[Black "Bauer, Thomas"]
[Result "1-0"]
[WhiteTitle "GM"]
[BlackTitle "CM"]
[WhiteElo "2561"]
[BlackElo "2145"]
[WhiteFideId "2270544"]
[BlackFideId "1639293"]
[EventDate "2022.12.16"]

1. d4 Nf6 2. c4 c5 3. d5 e6 4. Nc3 exd5 5. cxd5 d6 6. Nf3 g6 7. Bf4 a6 8. a4 Bg7
9. h3 O-O 10. e3 Ne8 11. e4 Nd7 12. Bd3 Rb8 13. O-O Ne5 14. Nxe5 dxe5 15. Be3
Qc7 16. a5 c4 17. Bb6 Qe7 18. Bxc4 Nd6 19. Bd3 f5 20. Rc1 f4 21. f3 g5 22. Na4
Rf6 23. Bc7 Ra8 24. Nb6 Bxh3 25. gxh3 Rh6 26. Kg2 Rf8 27. Bxd6 Qxd6 28. Qc2 Qg6
29. Rh1 Bf6 30. d6 Kh8 31. d7 Bd8 32. Qc5 Qg7 33. Nc4 Re6 34. Bb1 Rg8 35. Rcd1
Rc6 36. Qd5 Bc7 37. Ba2 Rd8 38. Bb3 Qe7 39. Rd3 Rb8 40. Rhd1 Rc5 41. d8=Q+ Rxd8
42. Qxd8+ Bxd8 43. Rxd8+ Kg7 44. R1d7 Kf6 45. Rxe7 Kxe7 46. Rd5 1-0

[Event "European Blitz 2022"]
[Site "Katowice POL"]
[Date "2022.12.16"]
[Round "6.24"]
[White "Karas, Marek"]
[Black "Bartel, Mateusz"]
[Result "1/2-1/2"]
[WhiteTitle "FM"]
[BlackTitle "GM"]
[WhiteElo "2240"]
[BlackElo "2627"]
[WhiteFideId "14928558"]
[BlackFideId "1112635"]
[EventDate "2022.12.16"]

1. d4 e6 2. Nf3 Nf6 3. Bf4 b6 4. e3 Bb7 5. Nbd2 Nh5 6. Bg5 Be7 7. Bxe7 Qxe7 8.
c3 O-O 9. Bd3 d6 10. O-O Nd7 11. Re1 h6 12. a4 a5 13. e4 e5 14. Bf1 Nf4 15. g3
Ne6 16. Nc4 Rfd8 17. Qc2 Qf6 18. Qd3 Ng5 19. Nxg5 hxg5 20. Bg2 Nf8 21. Qf3 Ne6
22. Qxf6 gxf6 23. Bh3 Bc8 24. Bxe6 Bxe6 25. d5 Bd7 26. Ne3 Kg7 27. f3 Rh8 28. c4
Kg6 29. g4 Kg7 30. Kg2 Kf8 31. h3 Ke7 32. b3 Rh7 1/2-1/2

[Event "European Blitz 2022"]
[Site "Katowice POL"]
[Date "2022.12.16"]
[Round "6.25"]
[White "Vogel, Roven"]
[Black "Przybylski, Wojciech"]
[Result "0-1"]
[WhiteTitle "IM"]
[BlackTitle "FM"]
[WhiteElo "2463"]
[BlackElo "2321"]
[WhiteFideId "12908088"]
[BlackFideId "1117599"]
[EventDate "2022.12.16"]

1. d4 Nf6 2. c4 c6 3. Nf3 d5 4. Nbd2 Bg4 5. Qb3 Qc7 6. g3 Nbd7 7. Bg2 e6 8. O-O
Bd6 9. Re1 O-O 10. e4 dxe4 11. Nxe4 Nxe4 12. Rxe4 Bf5 13. Re1 e5 14. c5 Be7 15.
Nxe5 Nxe5 16. Rxe5 Be6 17. Rxe6 fxe6 18. Qxe6+ Kh8 19. Bf4 Qd8 20. Be5 Bf6 21.
Re1 Bxe5 22. dxe5 Qd4 23. Rf1 Rae8 24. Qb3 Rxe5 25. Qxb7 Re1 0-1

[Event "European Blitz 2022"]
[Site "Katowice POL"]
[Date "2022.12.16"]
[Round "6.26"]
[White "Brilej, Jaka"]
[Black "Laurusas, Tomas"]
[Result "1-0"]
[WhiteTitle "FM"]
[BlackTitle "GM"]
[WhiteElo "2336"]
[BlackElo "2567"]
[WhiteFideId "14618818"]
[BlackFideId "12803731"]
[EventDate "2022.12.16"]

1. d4 Nf6 2. c4 c6 3. Nc3 d5 4. cxd5 cxd5 5. Bf4 Nc6 6. e3 a6 7. Be2 Bf5 8. Nf3
e6 9. Qb3 Ra7 10. O-O Be7 11. Ne5 O-O 12. Nxc6 bxc6 13. Na4 Ne4 14. Rfd1 c5 15.
dxc5 Nxc5 16. Nxc5 Bxc5 17. Rac1 Be7 18. Bd3 Bg4 19. Rd2 a5 20. h3 Bh5 21. g4
Bg6 22. Bxg6 hxg6 23. Rdc2 a4 24. Qd3 Bd6 25. Rc8 Qd7 26. Rxf8+ Bxf8 27. Qc2 Ra8
28. Qc7 Qb5 29. Rc2 Qd3 30. Qc6 Rd8 31. Qc7 Re8 32. Qc6 Rd8 33. Qxa4 Qd1+ 34.
Kg2 d4 35. Rc4 Qxa4 36. Rxa4 d3 37. Rd4 Rxd4 38. exd4 Bb4 39. Kf3 Be1 40. Ke3 d2
41. Ke2 Bxf2 42. Bxd2 Bxd4 43. b4 Kf8 44. Be3 Bc3 45. b5 Ke7 46. Kd3 Ba5 47. Kc4
f5 48. Bd4 Kd6 49. Bxg7 f4 50. Kd4 g5 51. Bf8+ Kd7 52. Ke4 1-0

[Event "European Blitz 2022"]
[Site "Katowice POL"]
[Date "2022.12.16"]
[Round "6.27"]
[White "Azarov, Sergei"]
[Black "Vardanyan, Aras"]
[Result "1-0"]
[WhiteTitle "GM"]
[BlackTitle "CM"]
[WhiteElo "2562"]
[BlackElo "2271"]
[WhiteFideId "13501470"]
[BlackFideId "12808792"]
[EventDate "2022.12.16"]

1. e4 c5 2. Nf3 d6 3. d4 cxd4 4. Nxd4 Nf6 5. Nc3 Nc6 6. Bg5 g6 7. Qd2 Bg7 8.
O-O-O Nxe4 9. Nxe4 Nxd4 10. Bh6 Bxh6 11. Qxh6 Nf5 12. Bb5+ Bd7 13. Nxd6+ exd6
14. Rhe1+ Ne7 15. Qg7 Bxb5 16. Qxh8+ Kd7 17. Qf6 Nf5 18. Qxf7+ Kc6 19. g4 Qg5+
20. Kb1 Qxg4 21. Qd5+ Kb6 22. Re4 Qf3 23. a4 Bc6 24. Rb4+ Ka6 25. Qc4+ Ka5 26.
Rb5+ 1-0

[Event "European Blitz 2022"]
[Site "Katowice POL"]
[Date "2022.12.16"]
[Round "6.28"]
[White "Zawadzka, Jolanta"]
[Black "Keinanen, Toivo"]
[Result "0-1"]
[WhiteTitle "WGM"]
[BlackTitle "IM"]
[WhiteElo "2386"]
[BlackElo "2508"]
[WhiteFideId "1122320"]
[BlackFideId "509825"]
[EventDate "2022.12.16"]

1. e4 d6 2. d4 Nf6 3. Nc3 e6 4. Be3 a6 5. a4 Be7 6. Bd3 Nc6 7. f3 O-O 8. Nge2
Nb4 9. O-O d5 10. e5 Nd7 11. Ng3 c5 12. Be2 cxd4 13. Bxd4 Nc6 14. Bf2 Ndxe5 15.
f4 Nc4 16. b3 Nd6 17. Qd2 b6 18. Rad1 Bb7 19. Bf3 f5 20. Qe3 Ne4 21. Ncxe4 fxe4
22. Bxe4 Bc5 23. Qc1 Qc7 24. Bxc5 bxc5 25. Bd3 e5 26. fxe5 Nxe5 27. Bf5 Kh8 28.
Qd2 Rae8 29. Kh1 c4 30. Bh3 Qb6 31. Qg5 Ng6 32. Nf5 cxb3 33. cxb3 Re5 34. Qg3
Rf6 35. Nh4 Re8 36. Nxg6+ Rxg6 37. Qd3 h6 38. Bf5 Rf6 39. h3 Ref8 40. Bg4 Qd6
41. Bf3 Qg3 42. Qd4 Rf4 43. Qc5 d4 44. Be2 Qxg2# 0-1

[Event "European Blitz 2022"]
[Site "Katowice POL"]
[Date "2022.12.16"]
[Round "6.29"]
[White "Pultinevicius, Paulius"]
[Black "Rudzinska, Michalina"]
[Result "1-0"]
[WhiteTitle "GM"]
[BlackTitle "WFM"]
[WhiteElo "2561"]
[BlackElo "2256"]
[WhiteFideId "12809390"]
[BlackFideId "1172883"]
[EventDate "2022.12.16"]

1. d4 Nf6 2. Bf4 e6 3. e3 c5 4. c3 b6 5. Nd2 Bb7 6. Ngf3 cxd4 7. cxd4 d6 8. Bb5+
Nbd7 9. Rc1 Rc8 10. O-O Be7 11. Qa4 a6 12. Be2 b5 13. Qb3 O-O 14. h3 Bd5 15. Qa3
Qb6 16. b3 a5 17. Bd3 Bb7 18. e4 Rfe8 19. Qb2 Bf8 20. Be3 Ba6 21. Qb1 h6 22.
Rxc8 Rxc8 23. d5 Nc5 24. dxe6 fxe6 25. Rd1 Qb7 26. Bc2 e5 27. Nh4 Ne6 28. Nf5
Qc6 29. Rc1 Bb7 30. f3 Qd7 31. Rd1 Kh7 32. h4 g6 33. Ng3 d5 34. exd5 Nxd5 35.
Bxg6+ Kh8 36. Ndf1 Qg7 37. Nh5 Qe7 38. Qf5 Ng7 39. Nxg7 Qxg7 40. Rxd5 1-0

[Event "European Blitz 2022"]
[Site "Katowice POL"]
[Date "2022.12.16"]
[Round "6.30"]
[White "Pein, Jonathan"]
[Black "Drozdowski, Kacper"]
[Result "0-1"]
[WhiteTitle "CM"]
[BlackTitle "IM"]
[WhiteElo "2252"]
[BlackElo "2448"]
[WhiteFideId "417092"]
[BlackFideId "1136720"]
[EventDate "2022.12.16"]

1. e4 c5 2. g3 d5 3. exd5 Qxd5 4. Nf3 Bg4 5. Bg2 Qe6+ 6. Kf1 Nc6 7. h3 Bf5 8. d3
Qd7 9. Na3 e6 10. Nc4 Bd6 11. Nxd6+ Qxd6 12. g4 Bg6 13. Nh4 Nge7 14. Be3 Nd5 15.
Nxg6 hxg6 16. Bd2 Rd8 17. Qe1 Nd4 18. Rc1 b6 19. Qe4 O-O 20. c3 Nf6 21. Qf4 e5
22. Qg3 Ne6 23. Rd1 Qxd3+ 24. Qxd3 Rxd3 25. Ke2 Rfd8 26. Be3 Rxd1 27. Rxd1 Rxd1
28. Kxd1 Kf8 29. a4 Ke7 30. b4 Kd6 31. Kd2 Nd5 32. b5 f5 33. Kc2 e4 34. Bd2 Ke5
35. Bf1 f4 36. Bc4 g5 37. Be1 f3 38. Kd2 Nef4 39. Kc2 Nxh3 40. Kd2 Nhf4 41. Kc2
Ng2 42. Bd2 e3 43. fxe3 Ndxe3+ 0-1

[Event "European Blitz 2022"]
[Site "Katowice POL"]
[Date "2022.12.16"]
[Round "6.31"]
[White "Charkhalashvili, Inga"]
[Black "Alexakis, Dimitris"]
[Result "0-1"]
[WhiteTitle "WGM"]
[BlackTitle "IM"]
[WhiteElo "2273"]
[BlackElo "2486"]
[WhiteFideId "13601431"]
[BlackFideId "4277023"]
[EventDate "2022.12.16"]

1. d4 Nf6 2. c4 e6 3. Nf3 Bb4+ 4. Bd2 Qe7 5. Qc2 Bxd2+ 6. Nbxd2 d6 7. e3 e5 8.
Be2 e4 9. Ng5 Bf5 10. h4 c5 11. d5 Nbd7 12. O-O-O h6 13. Nh3 O-O-O 14. Kb1 Ne5
15. f4 Neg4 16. Qc3 Nh5 17. Bxg4 Bxg4 18. Rde1 Qxh4 19. Ng5 Qf2 20. Ndxe4 Bf5
21. Ka1 Bxe4 22. Nxe4 Qxg2 23. Nxd6+ Rxd6 24. Rxh5 f6 25. Qa5 Kb8 26. Qxc5 Rb6
27. Qd4 Rc8 28. Rb1 Qe2 29. Rhh1 Rxc4 30. Qd1 Qxd1 31. Rhxd1 Re4 32. Rd3 Kc7 33.
Rg1 g5 34. fxg5 hxg5 35. Kb1 Kd6 36. Rf1 Ke5 37. d6 Rxd6 38. Rxd6 Kxd6 39. Rxf6+
Ke7 40. Rg6 g4 41. Kc2 Kf7 42. Rg5 Kf6 43. Rg8 Kf5 44. Kd3 Re7 45. Rf8+ Kg5 46.
Rg8+ Kh4 47. Rh8+ Kg3 48. e4 Kg2 49. Ke3 g3 50. Rh6 0-1

[Event "European Blitz 2022"]
[Site "Katowice POL"]
[Date "2022.12.16"]
[Round "6.32"]
[White "Sebenik, Matej"]
[Black "Fiedorek, Michal"]
[Result "1-0"]
[WhiteTitle "GM"]
[BlackTitle "FM"]
[WhiteElo "2538"]
[BlackElo "2303"]
[WhiteFideId "14602296"]
[BlackFideId "1199528"]
[EventDate "2022.12.16"]

1. Nf3 Nf6 2. c4 e6 3. g3 d5 4. Bg2 Be7 5. d4 O-O 6. O-O c6 7. Nc3 a5 8. Qc2 b6
9. Ne5 Nfd7 10. Nxd7 Nxd7 11. cxd5 cxd5 12. e4 Ba6 13. Re1 Nf6 14. e5 Nd7 15. a4
Rc8 16. Qd1 Re8 17. h4 Nf8 18. Qg4 Bd3 19. Qf3 Ba6 20. Rd1 Bb4 21. Bg5 Qd7 22.
Qg4 Kh8 23. h5 h6 24. Bd2 Qe7 25. Rac1 Nh7 26. Be3 Rc7 27. Nb5 Bxb5 28. axb5
Rec8 29. Rxc7 Rxc7 30. Bf1 Nf8 31. Bd3 a4 32. Qe2 Qd7 33. Bb1 Qc8 34. Qd3 Be7
35. Kg2 Rc4 36. g4 Rb4 37. Qe2 Qd7 38. Bd3 Rb3 39. Rc1 Bb4 40. Rc6 Ba5 41. Qc2
Qe7 42. Rc8 Kg8 43. f3 Qh4 44. Bf2 Qg5 45. Bh7+ 1-0

[Event "European Blitz 2022"]
[Site "Katowice POL"]
[Date "2022.12.16"]
[Round "6.33"]
[White "Blohberger, Felix"]
[Black "Balint, Vilmos"]
[Result "1-0"]
[WhiteTitle "GM"]
[BlackTitle "FM"]
[WhiteElo "2490"]
[BlackElo "2242"]
[WhiteFideId "1632051"]
[BlackFideId "718050"]
[EventDate "2022.12.16"]

1. d4 f5 2. Nf3 Nf6 3. Bf4 g6 4. Nc3 d5 5. e3 Bg7 6. Nb5 Na6 7. Be2 O-O 8. O-O
c6 9. Na3 Nc7 10. c4 h6 11. Rc1 Be6 12. Be5 Ne4 13. Bxg7 Kxg7 14. Qb3 b6 15. Qc2
Rc8 16. Ne5 Ne8 17. Rfd1 N8d6 18. cxd5 cxd5 19. Qa4 f4 20. f3 Ng5 21. Rxc8 Nxc8
22. exf4 Rxf4 23. Qc2 Bf5 24. Qc3 Be6 25. g3 Rf6 26. Rc1 Nd6 27. Nb5 Nxb5 28.
Bxb5 Qf8 29. Be2 Nf7 30. Qc7 Nxe5 31. Qxe5 Kh7 32. Rc7 Qg7 33. Rxa7 Qf7 34. Qc7
Rxf3 35. Bxf3 Qxf3 36. Qxe7+ 1-0

[Event "European Blitz 2022"]
[Site "Katowice POL"]
[Date "2022.12.16"]
[Round "6.34"]
[White "Koziorowicz, Michal"]
[Black "Stefansson, Hannes"]
[Result "0-1"]
[WhiteTitle "FM"]
[BlackTitle "GM"]
[WhiteElo "2348"]
[BlackElo "2526"]
[WhiteFideId "21809194"]
[BlackFideId "2300087"]
[EventDate "2022.12.16"]

1. e4 d5 2. Nf3 dxe4 3. Ng5 Nf6 4. Bc4 e6 5. Nc3 Bd7 6. Ngxe4 Bc6 7. Qe2 Be7 8.
O-O O-O 9. d3 Nbd7 10. Bf4 Nd5 11. Bg3 N7b6 12. Bb3 f5 13. Nd2 Nxc3 14. Qxe6+
Kh8 15. bxc3 f4 16. Rae1 Bd6 17. Ne4 fxg3 18. fxg3 Qd7 19. Ng5 Qxe6 20. Bxe6 g6
21. Bb3 Rxf1+ 22. Rxf1 Rf8 23. Re1 Bd7 24. d4 c5 25. Ne4 Re8 26. Kf2 Rxe4 27.
Rxe4 c4 28. h3 Kg7 29. g4 a5 30. a3 cxb3 31. cxb3 Bxa3 32. c4 a4 33. c5 Nd5 34.
bxa4 Bxa4 35. Kg3 Bc6 36. Re2 Bb4 37. h4 Bc3 38. Re4 Kf7 39. g5 Ne7 40. Rf4+ Kg7
41. h5 Bxd4 42. h6+ Kg8 43. Kh3 Bxc5 44. Rf1 b5 45. Rc1 Bd4 46. Rd1 Bc3 47. Rd3
b4 48. Re3 Kf7 49. Re2 b3 50. Rf2+ Ke8 0-1

[Event "European Blitz 2022"]
[Site "Katowice POL"]
[Date "2022.12.16"]
[Round "6.35"]
[White "Zochowski, Kacper"]
[Black "Seo, Jung Min"]
[Result "0-1"]
[WhiteTitle "FM"]
[BlackTitle "IM"]
[WhiteElo "2256"]
[BlackElo "2502"]
[WhiteFideId "1125494"]
[BlackFideId "1734687"]
[EventDate "2022.12.16"]

1. Nf3 Nf6 2. c4 e6 3. g3 b6 4. Bg2 Bb7 5. O-O c5 6. b3 Be7 7. Bb2 O-O 8. Nc3 d6
9. d4 cxd4 10. Nxd4 Bxg2 11. Kxg2 Qc8 12. f3 Nc6 13. e4 a6 14. Rc1 Nxd4 15. Qxd4
Qc6 16. g4 Ne8 17. Rfd1 Rd8 18. Qe3 Bf6 19. f4 g6 20. Qf3 Qc7 21. g5 Bg7 22. f5
Be5 23. Rf1 Ng7 24. f6 Nh5 25. Ba3 Qb7 26. Ne2 b5 27. cxb5 axb5 28. Bb4 Rc8 29.
Ng3 Nf4+ 30. Kh1 Rxc1 31. Rxc1 Rc8 32. Bd2 Rxc1+ 33. Bxc1 Nh5 34. Nxh5 gxh5 35.
Qxh5 Qxe4+ 36. Kg1 Bd4+ 0-1

[Event "European Blitz 2022"]
[Site "Katowice POL"]
[Date "2022.12.16"]
[Round "6.36"]
[White "Dehtiarov, Roman"]
[Black "Abdrlauf, Elham"]
[Result "0-1"]
[WhiteTitle "FM"]
[BlackTitle "IM"]
[WhiteElo "2300"]
[BlackElo "2518"]
[WhiteFideId "14186640"]
[BlackFideId "1533533"]
[EventDate "2022.12.16"]

1. c4 e5 2. Nc3 Nf6 3. g3 c6 4. Bg2 d5 5. d4 e4 6. Bg5 Nbd7 7. e3 Be7 8. Nge2
O-O 9. O-O h6 10. Bxf6 Nxf6 11. h3 dxc4 12. Kh2 Bf5 13. Qc2 Qd7 14. g4 Bd6+ 15.
Ng3 Bxg4 16. hxg4 Nxg4+ 17. Kg1 Bxg3 18. fxg3 Nxe3 19. Qxe4 Rae8 20. Qf4 Nxf1
21. Rxf1 Re7 22. d5 cxd5 23. Nxd5 Re6 24. Qxc4 Qd6 25. Nf4 Re5 26. Qb3 b6 27.
Rd1 Qc5+ 28. Kh2 Re3 29. Qd5 Qxd5 30. Bxd5 Rfe8 31. Kh3 R3e5 32. Bb3 Kf8 33. Rd7
R5e7 34. Rd2 g6 35. Nd5 Re2 36. Rd3 Kg7 37. Nf4 R2e3 38. Rd7 R8e7 39. Rd2 h5 40.
Rd8 Re1 41. Rd2 R1e4 42. Rd3 Kh6 43. Rd2 a5 44. Nd5 Rd7 45. a3 Rd6 46. Rf2 f5
47. Nf4 h4 48. Ng2 hxg3 49. Kxg3 Rd3+ 50. Kh2 Rxb3 51. Nf4 Rxf4 0-1

[Event "European Blitz 2022"]
[Site "Katowice POL"]
[Date "2022.12.16"]
[Round "6.37"]
[White "Gavrilescu, David"]
[Black "Aymerich Verdaguer, Eduard"]
[Result "1-0"]
[WhiteTitle "IM"]
[BlackTitle "CM"]
[WhiteElo "2522"]
[BlackElo "2208"]
[WhiteFideId "1227190"]
[BlackFideId "32049293"]
[EventDate "2022.12.16"]

1. e4 c5 2. Nf3 e6 3. d4 cxd4 4. Nxd4 Nc6 5. a3 Qc7 6. c4 a6 7. Nc3 Nf6 8. Be3
d6 9. Be2 Be7 10. O-O O-O 11. Rc1 Nb8 12. f4 b6 13. Bf3 Bb7 14. g4 Rd8 15. g5
Nfd7 16. Qe2 Bf8 17. h4 Nc6 18. Nxc6 Bxc6 19. h5 g6 20. Qg2 Rac8 21. Nd5 Qb8 22.
hxg6 fxg6 23. Nc3 Bg7 24. Qh3 Nf8 25. Rc2 Bd7 26. b3 b5 27. f5 exf5 28. exf5
Bxf5 29. Bd5+ Kh8 30. Rxf5 gxf5 31. Rh2 Rc7 32. Ne2 Re8 33. Bf4 bxc4 34. g6 Be5
35. Qxf5 Nxg6 36. Bf7 Rf8 37. Bxe5+ dxe5 38. Qf6# 1-0

[Event "European Blitz 2022"]
[Site "Katowice POL"]
[Date "2022.12.16"]
[Round "6.38"]
[White "Kozak, Antoni"]
[Black "Marczuk, Dominik"]
[Result "1-0"]
[BlackTitle "FM"]
[WhiteElo "2422"]
[BlackElo "2253"]
[WhiteFideId "21832030"]
[BlackFideId "1111264"]
[EventDate "2022.12.16"]

1. d4 Nf6 2. c4 g6 3. Nc3 Bg7 4. e4 d6 5. h3 O-O 6. Be3 e5 7. d5 Na6 8. Nf3 Nc5
9. Nd2 a5 10. g4 c6 11. Be2 cxd5 12. cxd5 Bd7 13. a4 Rc8 14. f3 Ne8 15. h4 f5
16. g5 f4 17. Bf2 h5 18. gxh6 Bxh6 19. Nb3 b6 20. Nxc5 dxc5 21. Ba6 Ra8 22. Bc4
Nd6 23. b3 Kh7 24. Ke2 Rg8 25. Qd3 Qf6 26. Rag1 Bf8 27. Be1 Be7 28. Bd2 Qf7 29.
Bc1 Bf6 30. Bb2 Qe7 31. Qd1 Rg7 32. Kd3 Rag8 33. Qe2 Rf8 34. Nd1 Rfg8 35. Nf2
Rf8 36. Kc2 Kg8 37. Qd2 Kf7 38. Bf1 Rh8 39. Bh3 Bxh3 40. Rxh3 Rxh4 41. Rxh4 Bxh4
42. Ng4 Bf6 43. Rh1 c4 44. Qc3 cxb3+ 45. Kxb3 Kg8 46. Nxf6+ Qxf6 47. Qxe5 Qxe5
48. Bxe5 1-0